Logo BPK

Biblioteka

Politechniki Koszalińskiej

Vodni nadrže a přehrady / (Rekord nr 19664)

Szczegóły MARC
000 -ETYKIETA REKORDU
podpole kontrolne o stałej długości 00373nam a2200145 i 4500
001 - NUMER KONTROLNY REKORDU
pole kontrolne bg
040 ## - ŹRÓDŁO KATALOGOWANIA
Instytucja, która utworzyła rekord BPK
041 ## - KOD JĘZYKA
Kod języka tekstu pol
080 ## - UNIWERSALNA KLASYFIKACJA DZIESIĘTNA - UKD
UKD 627.8
008 - POLE O STAŁEJ DŁUGOŚCI - DANE KONTROLNE
podpole kontrolne o stałej długości s pl f |000 0 pol
100 1# - NAZWA OSOBOWA
Nazwa osobowa KRATOCHVIL, Stanislav
245 #0 - TYTUŁ/ODPOWIEDZIALNOŚĆ
Tytuł Vodni nadrže a přehrady /
Pozostałe elementy strefy tytułu i oznaczenia odpowiedzialności Stanislav Kratochvil.
260 ## - STREFA ADRESU WYDAWNICZEGO
Miejsce wydania Praha :
Nazwa wydawcy/dystrybutora Československé Akademie VÉD,
Data publikacji, dystrybucji/powstania dokumentu 1961.
856 ## - LOKALIZACJA I DOSTĘP DO ELEKTRONICZNYCH DOKUMENTÓW ZDALNYCH
Link (URL) http://koha.tu.koszalin.pl/cgi-bin/koha/opac-detail.pl?biblionumber=19664
Tekst linku Katalog online BPK
942 ## - DODATKOWE ELEMENTY (KOHA)
Typ dokumentu Książka
Egzemplarze
Wycofany Status egzemplarza Uszkodzony Dostępność Lokalizacja stała Lokalizacja bieżąca Miejsce przechowywania Sygnatura Kod kreskowy Typ dokumentu
      Dostępny Biblioteka Politechniki Koszalińskiej Biblioteka Politechniki Koszalińskiej Wypożyczalnia BG 27687 02032795 Książka
© 2023 Biblioteka Politechniki Koszalińskiej :: KOHA